000 00376nam a2200169Ia 4500
005 20250603144703.0
008 250603s9999 xx 000 0 und d
050 _aPR 5810 .F94/
100 _aWilde, Oscar
245 0 _aComplet works of oscar wilde
260 _aLondon
260 _bHeron Book
260 _c1966
300 _a385 p
650 _aLondon
942 _cBK
999 _c39654
_d39654